Creació de la cartera de productes : guia metodòlogica : document de treball : març 2009 guia metodòlogica :
Publicado:
Barcelona :
Diputació de Barcelona. Àrea de Presidència. Subdirecció d'Organització, Processos i Informació Corporativa, [2009]
Descripción Física:
43 p. : 30 cm
MARC
| LEADER | 00000nam a2200000Ia 4500 | ||
|---|---|---|---|
| 001 | 24234 | ||
| 003 | BGR | ||
| 005 | 20260324180607.0 | ||
| 008 | 160829s9999 xx 000 0 cat d | ||
| 080 | |a FU-63-29 | ||
| 245 | |a Creació de la cartera de productes : |b guia metodòlogica : |b document de treball : |b març 2009 | ||
| 260 | |a Barcelona : |b Diputació de Barcelona. Àrea de Presidència. Subdirecció d'Organització, Processos i Informació Corporativa, [2009] | ||
| 300 | |a 43 p. : |b 30 cm | ||
| 610 | 0 | |a Barcelona (Catalunya : Província). |b Diputació |x Direcció i administració |9 53192 | |
| 650 | |a Gestió de cartera |9 49582 | ||
| 650 | |a Finances locals |x Catalunya |9 23426 | ||
| 710 | 1 | |a Barcelona (Catalunya : Província). |b Diputació |b Subdirecció d'Organització, Processos i Informació Corporativa |9 52408 | |
| 901 | |a Arxiu | ||
| 942 | |n 1 |2 udc |c MON | ||
| 952 | |0 0 |1 0 |4 0 |6 FU6329 |7 1 |9 55452 |a Arxiu |b Arxiu |d 2016-12-01 |l 0 |o FU-63-29 |p 24234 |r 2016-12-01 00:00:00 |w 2016-12-01 |y ARXIU | ||
| 999 | |c 59325 |d 59325 | ||